<?xml version="1.0" encoding="UTF-8"?>
<record
    xmlns:xsi="http://www.w3.org/2001/XMLSchema-instance"
    xsi:schemaLocation="http://www.loc.gov/MARC21/slim http://www.loc.gov/standards/marcxml/schema/MARC21slim.xsd"
    xmlns="http://www.loc.gov/MARC21/slim">

  <leader>00689nam a22002177a 4500</leader>
  <controlfield tag="005">20260116122549.0</controlfield>
  <datafield tag="020" ind1=" " ind2=" ">
    <subfield code="a">9783034875110</subfield>
  </datafield>
  <datafield tag="100" ind1=" " ind2=" ">
    <subfield code="a">Gohberg, Israel </subfield>
    <subfield code="9">8106</subfield>
  </datafield>
  <datafield tag="245" ind1=" " ind2=" ">
    <subfield code="a">Classes of linear operators </subfield>
    <subfield code="b">Vol. I </subfield>
  </datafield>
  <datafield tag="260" ind1=" " ind2=" ">
    <subfield code="a">Switzerland</subfield>
    <subfield code="b">Springer</subfield>
    <subfield code="c">1990</subfield>
  </datafield>
  <datafield tag="300" ind1=" " ind2=" ">
    <subfield code="a">xiii+468</subfield>
  </datafield>
  <datafield tag="490" ind1=" " ind2=" ">
    <subfield code="a">Operator theory: Advances and applications</subfield>
  </datafield>
  <datafield tag="500" ind1=" " ind2=" ">
    <subfield code="a">Operator theory: Advances and applications - Vol. 49</subfield>
  </datafield>
  <datafield tag="650" ind1=" " ind2=" ">
    <subfield code="a">Spectral theory</subfield>
    <subfield code="9">8107</subfield>
  </datafield>
  <datafield tag="650" ind1=" " ind2=" ">
    <subfield code="a">Toeplitz operator</subfield>
    <subfield code="9">8108</subfield>
  </datafield>
  <datafield tag="650" ind1=" " ind2=" ">
    <subfield code="a">Fredholm operator</subfield>
    <subfield code="9">8109</subfield>
  </datafield>
  <datafield tag="700" ind1=" " ind2=" ">
    <subfield code="a">Goldberg, Seymour </subfield>
    <subfield code="9">8110</subfield>
  </datafield>
  <datafield tag="700" ind1=" " ind2=" ">
    <subfield code="a">Kaashoek, Marinus A</subfield>
    <subfield code="9">8111</subfield>
  </datafield>
  <datafield tag="856" ind1=" " ind2=" ">
    <subfield code="u">https://doi.org/10.1007/978-3-0348-7509-7</subfield>
  </datafield>
  <datafield tag="942" ind1=" " ind2=" ">
    <subfield code="2">ddc</subfield>
    <subfield code="c">BK</subfield>
  </datafield>
  <datafield tag="999" ind1=" " ind2=" ">
    <subfield code="c">755161</subfield>
    <subfield code="d">755161</subfield>
  </datafield>
  <datafield tag="952" ind1=" " ind2=" ">
    <subfield code="0">0</subfield>
    <subfield code="1">0</subfield>
    <subfield code="2">ddc</subfield>
    <subfield code="4">0</subfield>
    <subfield code="7">0</subfield>
    <subfield code="8">GIF</subfield>
    <subfield code="a">MAT</subfield>
    <subfield code="b">MAT</subfield>
    <subfield code="c">GEN</subfield>
    <subfield code="d">2026-01-08</subfield>
    <subfield code="e">Donated by Dr. Krishna Kumar G on the completion of SERB sponsored project (UO. No: Ad.F1/1373/2021 dated 22/01/2024)</subfield>
    <subfield code="g">7181.66</subfield>
    <subfield code="l">0</subfield>
    <subfield code="o">515.7246 GOH-C</subfield>
    <subfield code="p">MATG258</subfield>
    <subfield code="r">2026-01-16 06:56:56</subfield>
    <subfield code="w">2026-01-16</subfield>
    <subfield code="y">BK</subfield>
  </datafield>
</record>
